| 000 | 00920cab a2200313 4500 | ||
|---|---|---|---|
| 001 | ABS55092 | ||
| 008 | 090401t1996 xxu||||| |||| 00| 0 eng d | ||
| 035 | _a(Sirsi) u14132 | ||
| 041 | _aeng | ||
| 100 | _aRafter, D.O. | ||
| 245 | _aSustainable transport planning | ||
| 260 | _c1996 | ||
| 350 | _a0 | ||
| 490 |
_aEuropean Planning Studies _v4(2) April 1996, 225-236(12) |
||
| 520 | _aA case study of the Dublin Transport Initiative as an example of an integrated strategy for sustainable transport. References. | ||
| 650 | _aCYCLE ROUTES | ||
| 650 | _aDUBLIN TRANSPORT INITIATIVE | ||
| 650 | _aINTEGRATED TRANSPORT SYSTEM | ||
| 650 | _aIRELAND | ||
| 650 | _aMOTORWAYS | ||
| 650 | _aPARKING CONTROLS | ||
| 650 | _aPUBLIC TRANSPORT | ||
| 650 | _aROAD TOLLS | ||
| 650 | _aTRAVEL DEMAND | ||
| 650 | _aURBAN TRANSPORT | ||
| 690 | _aTRANSPORT AND COMMUNICATIONS | ||
| 942 | _n0 | ||
| 948 | _c04/03/1997 | ||
| 999 |
_c9172 _d9172 |
||